Countries With Blue in their Flag - Statistics

General Stats
  • This quiz has been taken 16 times
    8 since last reset
  • The average score is 10 of 12
Answers on the Grid
Answers color-coded by a green-red scale on the quiz's grid according to % correct below.
Sri Lanka
Somalia
Malawi
Iran
France
Antigua and Barbuda
Cambodia
Canada
United States
Nepal
Greece
Uganda
Yemen
Saint Kitts and Nevis
Rwanda
Saudi Arabia
Russia
Lebanon
Iran
Chile
Burundi
Angola
Bosnia and Herzegovina
Barbados
Kenya
 
Answer Stats
Answer % Correct
Russia
100%
United States
100%
Barbados
83%
Bosnia and Herzegovina
83%
Chile
83%
France
83%
Greece
83%
Nepal
83%
Somalia
83%
Cambodia
67%
Rwanda
67%
Antigua and Barbuda
50%
No matching quizzes found
Score Distribution
Percent of People with Each Score
Percentile by Number Answered
Your Score History
You have not taken this quiz since the last reset